000 00861nmm a2200265 a 4500
001 ocm000906588
003 TR-IsHL
005 20201028144904.0
008 141121s2010 tu tur
007 cr cn
020 _a9786056154539
035 _a906588
_b(N$T)
050 0 4 _aPL248.T374
_bR43 2010
090 0 4 _aPL248.T374
_bR43 2010
100 1 _aTaşdelen, Hatice
245 1 0 _aReçete kabilinden ters öğütler
_h[electronic resource] /
_cHatice Taşdelen
260 _aİstanbul :
_bKanes Yayınları,
_c2010
300 _a177 p.
650 4 _aDil ve Edebiyat
650 4 _aLanguage and Literature
650 0 _aKısa hikayeler, Türk
650 0 _aShort stories, Turkish
650 7 _aLITERARY COLLECTIONS / Middle Eastern
_2bisacsh
856 4 0 _uhttp://search.ebscohost.com/login.aspx?direct=true&scope=site&db=e011xww&AN=906588
999 _c9669
_d9669